000 00864pam a2200253 a 4500
999 _c4474
_d4474
001 671330
003 GZU
005 20210316102133.0
008 950512s1996 njua b 001 0 eng
010 _a 95020168
020 _a0133564118
040 _aDLC
_cDLC
_dDLC
050 0 0 _aRC454
_b.SAR 1996
100 1 _aSarason, Irwin G.
_eauthor
245 1 0 _aAbnormal psychology :
_bthe problem of maladaptive behavior /
_cIrwin G. Sarason, Barbara R. Sarason.
250 _a8th ed.
260 _aUpper Saddle River, N.J. :
_bPrentice Hall,
_cc1996.
300 _axix, 649 p. :
_bill. (some col.) ;
_c29 cm.
504 _aIncludes bibliographical references (p. 595-623) and indexes.
650 0 _aPsychology, Pathological.
700 1 _aSarason, Barbara R.
_eauthor
906 _a7
_bcbc
_corignew
_d1
_eocip
_f19
_gy-gencatlg
942 _2lcc
_cBK
_e8th ed.
_h454
_iSAR
_kRC